It looks like you're offline.
Open Library logo
additional options menu

MARC record from Internet Archive

LEADER: 00618cam 2200229Ia 4500
001 ocm36856715
003 OCoLC
005 20100604140329.0
008 970506s1973 onc 000 1 eng d
040 $aEEM$cEEM
020 $a0373017049
020 $a9780373017041
035 $a(OCoLC)36856715
090 $aPR6052.U6$bE93 1973
100 1 $aBurchell, Mary.
245 10 $aExcept my love /$cby Mary Burchell.
260 $aToronto :$bHarlequin,$c1973.
300 $a188 p. ;$c18 cm.
440 2 $aA Harlequin romance ;$v1704
029 1 $aUNITY$b042287081
994 $aZ0$bPMR
948 $hNO HOLDINGS IN PMR - 6 OTHER HOLDINGS